Loading...
| Fine Arts - Classical Music | 9 | 15.56 | 89% | 44% | 22% |
| Fine Arts - Other Fine Arts | 9 | 18.89 | 100% | 67% | 22% |
| Fine Arts - Visual Fine Arts | 7 | 18.57 | 100% | 71% | 14% |
| Geography/Current Events | 4 | 17.50 | 100% | 75% | 0% |
| History - American History | 6 | 20.00 | 83% | 83% | 33% |
| History - European History | 6 | 18.33 | 100% | 83% | 0% |
| History - Other History | 7 | 14.29 | 86% | 43% | 14% |
| History - World History | 5 | 20.00 | 80% | 100% | 20% |
| Literature - American Literature | 7 | 21.43 | 100% | 86% | 29% |
| Literature - British Literature | 7 | 20.00 | 100% | 57% | 43% |
| Literature - European Literature | 10 | 23.00 | 100% | 100% | 30% |
| Literature - World/Other Literature | 7 | 22.86 | 100% | 86% | 43% |
| Mythology | 7 | 17.14 | 71% | 71% | 29% |
| Other Academic | 3 | 23.33 | 100% | 100% | 33% |
| Philosophy | 7 | 14.29 | 86% | 57% | 0% |
| Pop Culture | 1 | 30.00 | 100% | 100% | 100% |
| Religion | 5 | 16.00 | 100% | 20% | 40% |
| Science - Biology | 11 | 16.36 | 100% | 46% | 18% |
| Science - Chemistry | 9 | 22.22 | 100% | 78% | 44% |
| Science - Other Science | 5 | 12.00 | 80% | 40% | 0% |
| Science - Physics | 6 | 21.67 | 100% | 67% | 50% |
| Social Science | 6 | 15.00 | 100% | 50% | 0% |